Statistics for Toys of the 90's

Click here to take the quiz!

General Stats

  • This quiz has been taken 276 times
  • The average score is 6 of 35

Answer Stats

HintAnswer% Correct
DollsMy Size Barbie
72%
Video Game ConsolePlaystation
67%
Trading Card Game/Video GamePokemon
57%
Video Game ConsoleNintendo 64
46%
Video Game ConsoleSuper Nintendo
44%
Action FiguresG.I. JOE
37%
Video Game ConsoleSega Genesis
31%
Video GameSuper Mario World
31%
InteractiveFurby
29%
Stuffed AnimalsBeanie Babies
27%
CookingEasy Bake Oven
25%
Video Game ConsoleSega Dreamcast
24%
Pretend PetsTamagotchi
24%
Action FiguresTeenage Mutant Ninja Turtles
17%
Action FiguresMighty Morphin Power Rangers
16%
CollectorsPogs
12%
Video GameThe Lengend of Zelda Series
11%
InteractiveBop It
9%
DollsTrolls
9%
Outdoor PlaySuper Soaker
6%
Board GameDon't Wake Daddy
3%
OtherGak
2%
OtherMoon Shoes
2%
Board GameCrossfire
1%
OtherFloam
1%
GadgetsHit Clips
1%
Pretend PetsPuppy Surprise
1%
GadgetsTalkboy
1%
DollsBaby All Gone
0%
OtherKoosh Balls
0%
GadgetsPassword Journal
0%
GadgetsPoo-Chi
0%
Outdoor PlayPower Wheels
0%
DollsSky Dancers
0%
OtherSock 'Em Boppers
0%

Score Distribution

Percentile by Number Answered

Percent of People with Each Score

Your Score History

You have not taken this quiz